BIM academy (Record no. 113576)

MARC details
000 -LEADER
fixed length control field 01022cai a22002175a 4500
001 - CONTROL NUMBER
control field L155443
008 - FIXED-LENGTH DATA ELEMENTS--GENERAL INFORMATION
fixed length control field 120323s2012 xxk f 000 0 eng d
035 ## - SYSTEM CONTROL NUMBER
System control number (Sirsi) u155443
041 0# - LANGUAGE CODE
Language code of text/sound track or separate title eng
110 2# - MAIN ENTRY--CORPORATE NAME
Corporate name or jurisdiction name as entry element Northumbria University
245 00 - TITLE STATEMENT
Title BIM academy
Medium [electronic resource]
260 ## - PUBLICATION, DISTRIBUTION, ETC.
Place of publication, distribution, etc. Newcastle upon Tyne
Name of publisher, distributor, etc. Northumbria University
Date of publication, distribution, etc. 2012
520 ## - SUMMARY, ETC.
Summary, etc. BIM academy combines industry experience and academic knowledge to create a centre of excellence in Building Information Modelling (BIM). The academy undertakes consultancy, research, software development, training and education and supports the entire industry: design, manufacture, supply, construction and facilities management, regulatory bodies and government.
590 ## - LOCAL NOTE (RLIN)
Local note KA NTK
650 24 - SUBJECT ADDED ENTRY--TOPICAL TERM
Topical term or geographic name entry element BUILDING INFORMATION MODELLING
650 24 - SUBJECT ADDED ENTRY--TOPICAL TERM
Topical term or geographic name entry element BIM
9 (RLIN) 6219
651 #4 - SUBJECT ADDED ENTRY--GEOGRAPHIC NAME
Geographic name United Kingdom
Chronological subdivision
690 ## - LOCAL SUBJECT ADDED ENTRY--TOPICAL TERM (OCLC, RLIN)
Topical term or geographic name as entry element BIM
9 (RLIN) 6219
856 40 - ELECTRONIC LOCATION AND ACCESS
Uniform Resource Identifier <a href="https://collab.northumbria.ac.uk/bim2/">https://collab.northumbria.ac.uk/bim2/</a>
Public note Register and view the library free of charge at collab.northumbria.ac.uk
942 ## - ADDED ENTRY ELEMENTS (KOHA)
Suppress in OPAC 0
Holdings
Withdrawn status Lost status Source of classification or shelving scheme Damaged status Not for loan Home library Current library Shelving location Date acquired Total Checkouts Full call number Barcode Date last seen Copy number Price effective from Koha item type
    Dewey Decimal Classification     Virtual Virtual Online 23/03/2012   WEB-SITE 155443-2001 06/08/2019 1 06/08/2019 Online material